000 00528cas a22001694i 4500
999 _c60061
_d60061
001 768714001
003 CO-MdFUSB
005 20180414083540.0
008 180414s2005 cr ||||| |||| 00| 0 spa d
040 _aCO-MdFUSB
_bspa
_cCO-MdFUSB
_dCO-MdFUSB
041 _aspa
100 1 _aZelaya, Hugo M.
_eautor
245 1 0 _aPerdón y gozo
300 _aVolumen 6. Número 17 (2005), páginas 260-263
_c: 28 cm.
773 0 _tConquista Cristiana
_049446
_960360
_gVolumen 6. Número 17 (2005), páginas 260-263
_qpágina 260
942 _cANA